=LDR 00000nam 2200000 4500 =001 INLIS000000000040420 =005 20130612150003 =008 ***********************************ind** =035 ##$$0010-061300000040420 =041 ##$$a ind =082 ##$$a 650.1 =090 ##$$a 650.1, Sil r.1 =100 ##$$a SILVERTEIN, Ray =245 ##$$a Rahasia terbesar dan bisnis yang sukses, Ray silvertein;Alih bahasa,Debbie deci natalia =260 ##$$a 2011 $b [Sl] =300 ##$$a 286 Hlm, 21 cm =650 ##$$a BISNIS-SUKSES =700 ##$$a NATALIA, Debbie Deci =850 ##$$a NBPNMAT